000
00307nam a2200109Ia 4500
008
200302s9999 xx 000 0 und d
100
_a
David Phillips and Megumi Yamashita
245
_a
Detail in Contemporary Residential Architecture 2
260
_b
Laurence King Publishing
260
_c
2014
300
_a
224
999
_c
3700
_d
3700